000 00349nam a2200145Ia 4500
008 210210b1991 xxu||||| |||| 00| 0 eng d
020 _a81 85532 10 9
082 _a320.55 GUPG
100 _aGUPTA (M G).
245 _aGandhism redefined.
260 _aAgra
_bMG Publishers
_c1991
300 _a104
690 _aPolitical Thought
906 _a046797
999 _c96035
_d96035